000 00855nam a22003017a 4500
001 BR0803447
003 BR-BrBNA
005 20230928102623.0
007 ta
008 230509b bl.||||| |||| 00| 0 por d
040 _aBR-BrBNA
_bpor
_cBiblioteca Nacional de Agricultura
041 _a(Por)
072 _aH20
_b0100
_b4120
_b3875
090 _ 0100 BR0803447
100 1 _aPicinini, E.C.
110 1 _aEMBRAPA Trigo, Passo Fundo, RS (Brasil)
_93754
245 1 _aA importância do triazol epoxiconazole no controle de doenças em cereais de inverno no Brasil
260 3 _aPasso Fundo, RS (Brasil):
_c[nd].
300 _avp.
500 _a16 illus.
650 _aCEREAL
650 _aCULTURA DE INVERNO
650 _aDOENÇA FUNGICA
650 _aSINTOMA
650 _aFUNGICIDA
909 _a202309
_bLucia
_c55
_dLucia Elande
942 _cBK
999 _c71694
_d71694